Hidden Neighbors of Ohio Quiz Stats

 Plays Quiz Updated May 11, 2019

Score 0/5 Timer 01:00
2 Plays Today
% Correct
West Virginia
94.8%
IN
92.7%
PA
92.6%
Kentucky
89.3%
Michigan
84%

You're not logged in!

Compare scores with friends on all Sporcle quizzes.
OR
Log In

Show Comments

Extras

Top Quizzes Today


Score Distribution

Your Account Isn't Verified!

In order to create a playlist on Sporcle, you need to verify the email address you used during registration. Go to your Sporcle Settings to finish the process.

Report this User

Report this user for behavior that violates our Community Guidelines.

Details: